Countries Imagine Dragons has Visited - Statistics

General Stats
  • This quiz has been taken 68 times
  • The average score is 36 of 45
Answer Stats
Continent Country % Correct
Asia China
98%
Europe United Kingdom
98%
South America Brazil
97%
South America Argentina
95%
Europe France
95%
North America United States of America
95%
North America Canada
93%
Europe Germany
93%
Oceania Australia
91%
Europe Italy
91%
Asia/ Europe Russia
91%
Europe Spain
91%
Europe Belgium
90%
Asia Japan
90%
North America Mexico
88%
Europe Poland
88%
Europe Austria
86%
South America Chile
86%
Europe Denmark
86%
Europe Finland
86%
Europe Portugal
86%
Europe Sweden
84%
Europe Switzerland
84%
South America Colombia
83%
Europe Ireland
83%
Oceania New Zealand
83%
Europe Norway
81%
Europe the Netherlands
79%
Asia/ Europe Turkey
79%
Europe Ukraine
78%
Europe Estonia
76%
Europe Czech Republic
72%
Europe Hungary
72%
Europe Slovakia
72%
Asia Thailand
71%
Europe Latvia
69%
Europe Lithuania
69%
Europe Luxembourg
64%
Asia Singapore
64%
Europe Belarus
62%
South America Paraguay
62%
Asia Taiwan
59%
Asia Malaysia
57%
Asia Saudi Arabia
53%
Asia Lebanon
40%
No matching quizzes found
Score Distribution
Percent of People with Each Score
Percentile by Number Answered
Your Score History
You have not taken this quiz